000 00316nam a22001337a 4500
008 180227b xxu||||| |||| 00| 0 eng d
020 _a9780201785692
041 _aeng
080 _23 ed
_a510
100 _a38
101 _amat
245 _amathematical reasoning for elementary
_clong.c.t
942 _2udc
_cBK
999 _c43554
_d43554